000 00354nam a2200133Ia 4500
008 240624s9999 xx 000 0 und d
041 _aeng
082 _a658.15 ESP
100 _aESPINASSE PHILIPPE
245 _aIPO BANKS PITCH SELECTION AND MANDATE
260 _c2014
_aLondon
_bPalgrave Macmillan
300 _axvi, 191 p.; 23 cm.
365 _cERU
_b33
999 _c32297
_d32297